Micah’s shepherd-king (Mi 2:12-13): an ethical model for reversing oppression in leadership praxis
The exposition attempts to use Micah’s metaphor of shepherd-king (Mi 2:12-13) as a heuristic ethical model for reversing oppression and violence in leadership praxis. Given the reality of widespread oppression and violence perpetrated by the powerful, Micah 2:12-13 is interjected into the oracle as...
| Main Author: | |
|---|---|
| Format: | Electronic Article |
| Language: | English |
| Check availability: | HBZ Gateway |
| Interlibrary Loan: | Interlibrary Loan for the Fachinformationsdienste (Specialized Information Services in Germany) |
| Published: |
[2020]
|
| In: |
Verbum et ecclesia
Year: 2020, Volume: 41, Issue: 1, Pages: 1-7 |
| Standardized Subjects / Keyword chains: | B
Weil, Simone 1909-1943, Oppression et liberté
/ Violence
/ Leader
/ Unternehmensleitung
/ Bible. Micha 2,12-13
/ Congregational leadership
|
| IxTheo Classification: | HB Old Testament |
| Further subjects: | B
Micah
B flock B Leadership B oppression and violence B reversal of fortune B ethical model B shepherd-king |
| Online Access: |
Volltext (kostenfrei) Volltext (kostenfrei) |
MARC
| LEADER | 00000caa a2200000 c 4500 | ||
|---|---|---|---|
| 001 | 1742202527 | ||
| 003 | DE-627 | ||
| 005 | 20210618090511.0 | ||
| 007 | cr uuu---uuuuu | ||
| 008 | 201207s2020 xx |||||o 00| ||eng c | ||
| 024 | 7 | |a 10.4102/ve.v41i1.2088 |2 doi | |
| 035 | |a (DE-627)1742202527 | ||
| 035 | |a (DE-599)KXP1742202527 | ||
| 040 | |a DE-627 |b ger |c DE-627 |e rda | ||
| 041 | |a eng | ||
| 084 | |a 1 |2 ssgn | ||
| 100 | 1 | |e VerfasserIn |0 (DE-588)1060985284 |0 (DE-627)80349145X |0 (DE-576)41706831X |4 aut |a Boloje, Blessing Onoriode | |
| 109 | |a Boloje, Blessing Onoriode |a Boloje, B. Onoriode |a Boloje, Onoriode |a Onoriode Boloje, Blessing | ||
| 245 | 1 | 0 | |a Micah’s shepherd-king (Mi 2:12-13) |b an ethical model for reversing oppression in leadership praxis |c Blessing Onoriode Boloje |
| 264 | 1 | |c [2020] | |
| 300 | |a 7 | ||
| 336 | |a Text |b txt |2 rdacontent | ||
| 337 | |a Computermedien |b c |2 rdamedia | ||
| 338 | |a Online-Ressource |b cr |2 rdacarrier | ||
| 520 | |a The exposition attempts to use Micah’s metaphor of shepherd-king (Mi 2:12-13) as a heuristic ethical model for reversing oppression and violence in leadership praxis. Given the reality of widespread oppression and violence perpetrated by the powerful, Micah 2:12-13 is interjected into the oracle as a means of accentuating the hope of those who are marginalised and dispossessed. Although Micah’s shepherd-king metaphor interrupts the foregoing context of the oracle of condemnation and doom, the unit logically balances the general rhetorical pattern of judgement, and afterward salvation. Such a canonical and ideological reading presents a window through which informed ethical models are constructed for the reversal of oppression and violence in the readers’ socio-economic and religious context. Micah’s shepherd-king metaphor imagines a restoration of fortune under the leadership of a coming eschatological shepherd-leader allows one a positive construct of a visionary leader, who is a passionate agent of restoration rather than one who is an agent of exploitation, oppression and bondage. Intradisciplinary and/or interdisciplinary implications: As a rhetorical literary production, there are seemingly noteworthy ideological and theological intentions in the Book of Micah. Consequently, this exposition brings together biblical, literary, exegetical and theological discourses into dialogue with ethics, ethical demands and practical theology. Granted that leadership affects every aspect of community life, Micah’s beautifully harmonised, biblical shepherd-king in time and context generates insightful alternative and viable components of the process of conveying its life-giving and instructive power for contemporary leadership praxis, both within the ecclesia community and larger human society. | ||
| 630 | 0 | 4 | |a Micah |
| 650 | 4 | |a shepherd-king | |
| 650 | 4 | |a flock | |
| 650 | 4 | |a Leadership | |
| 650 | 4 | |a oppression and violence | |
| 650 | 4 | |a ethical model | |
| 650 | 4 | |a reversal of fortune | |
| 652 | |a HB | ||
| 689 | 0 | 0 | |d u |0 (DE-588)1186103604 |0 (DE-627)1665542144 |0 (DE-576)20915666X |a Weil, Simone |2 gnd |d 1909-1943 |t Oppression et liberté |
| 689 | 0 | 1 | |d s |0 (DE-588)4020832-1 |0 (DE-627)10631663X |0 (DE-576)208934979 |2 gnd |a Gewalt |
| 689 | 0 | 2 | |d s |0 (DE-588)4155569-7 |0 (DE-627)10551487X |0 (DE-576)20982008X |2 gnd |a Führer |
| 689 | 0 | 3 | |d s |0 (DE-588)4233771-9 |0 (DE-627)104804653 |0 (DE-576)210375019 |2 gnd |a Unternehmensleitung |
| 689 | 0 | 4 | |d u |0 (DE-588)1069991600 |0 (DE-627)823163199 |0 (DE-576)42966902X |a Bibel |2 gnd |p Micha |n 2,12-13 |
| 689 | 0 | 5 | |d s |0 (DE-588)4426072-6 |0 (DE-627)216326400 |0 (DE-576)212319604 |2 gnd |a Gemeindeleitung |
| 689 | 0 | |5 (DE-627) | |
| 773 | 0 | 8 | |i Enthalten in |t Verbum et ecclesia |d Pretoria : Univ., 1995 |g 41(2020), 1, Seite 1-7 |h Online-Ressource |w (DE-627)367636581 |w (DE-600)2116019-3 |w (DE-576)311829287 |x 2074-7705 |7 nnas |
| 773 | 1 | 8 | |g volume:41 |g year:2020 |g number:1 |g pages:1-7 |g extent:7 |
| 856 | |u https://verbumetecclesia.org.za/index.php/ve/article/download/2088/4233 |x unpaywall |z Vermutlich kostenfreier Zugang |h publisher [deprecated] | ||
| 856 | 4 | 0 | |u https://doi.org/10.4102/ve.v41i1.2088 |x Resolving-System |z kostenfrei |3 Volltext |7 0 |
| 856 | 4 | 0 | |u https://verbumetecclesia.org.za/index.php/ve/article/view/2088 |x Verlag |z kostenfrei |3 Volltext |7 0 |
| 935 | |a BIIN | ||
| 951 | |a AR | ||
| BIB | |a 1 | ||
| BIR | |a 60002012_60002013 |b biblesearch | ||
| ELC | |a 1 | ||
| LOK | |0 000 xxxxxcx a22 zn 4500 | ||
| LOK | |0 001 3818401942 | ||
| LOK | |0 003 DE-627 | ||
| LOK | |0 004 1742202527 | ||
| LOK | |0 005 20201207133613 | ||
| LOK | |0 008 201207||||||||||||||||ger||||||| | ||
| LOK | |0 040 |a DE-Tue135 |c DE-627 |d DE-Tue135 | ||
| LOK | |0 092 |o n | ||
| LOK | |0 852 |a DE-Tue135 | ||
| LOK | |0 852 1 |9 00 | ||
| LOK | |0 935 |a ixzs |a ixzo | ||
| LOK | |0 939 |a 07-12-20 |b l01 | ||
| LOK | |0 000 xxxxxcx a22 zn 4500 | ||
| LOK | |0 001 3834857106 | ||
| LOK | |0 003 DE-627 | ||
| LOK | |0 004 1742202527 | ||
| LOK | |0 005 20210618084307 | ||
| LOK | |0 008 210113||||||||||||||||ger||||||| | ||
| LOK | |0 040 |a DE-Tue135-1 |c DE-627 |d DE-Tue135-1 | ||
| LOK | |0 852 |a DE-Tue135-1 | ||
| LOK | |0 852 1 |m p |9 00 | ||
| LOK | |0 852 2 |b www |9 00 | ||
| LOK | |0 85640 |u https://bibsearch.uibk.ac.at/permalink/f/1po5meu/UIB_alma51203104150003333 | ||
| LOK | |0 935 |a inzs | ||
| LOK | |0 936ln |0 1442044128 |a HB | ||
| LOK | |0 938 |k p | ||
| LOK | |0 939 |a 13-01-21 |b l01 | ||
| OAS | |a 1 | ||
| ORI | |a SA-MARC-ixtheoa001.raw | ||
| STA | 0 | 0 | |a Congregational leadership,Parish leadership,Congregation,Leader,Handbooks, vade-mecums, etc.,Violence,Violence,Violence in literature |
| STB | 0 | 0 | |a Direction de la paroisse,Entreprises,Guide <homme>,Guide,Führer (nazisme),Leader,Führer,Leader,Violence,Violence |
| STC | 0 | 0 | |a Coordinación parroquial,Líder,Guía,Violencia,Violencia |
| STD | 0 | 0 | |a Direzione aziendale,Guida <persona>,Guida,Führer (nazismo),Leader,Führer,Leader,Guida della comunità parrocchiale,Violenza,Violenza |
| STE | 0 | 0 | |a 元首,指南,带领者,领导者,教区领导,教会领导,会众领导,暴力,暴力,武力,武力 |
| STF | 0 | 0 | |a 元首,指南,帶領者,領導者,教區領導,教會領導,會眾領導,暴力,暴力,武力,武力 |
| STG | 0 | 0 | |a Coordenação paroquial,Líder,Guia,Violência,Violência |
| STH | 0 | 0 | |a Власть,Власть,Сила,Сила (мотив),Путеводитель,Путеводитель (книга),Гид (мужчина, человек),Руководство церковной общиной |
| STI | 0 | 0 | |a Βία (μοτίβο),Βία,Ενοριακή ηγεσία,Οδηγός (άτομο),Οδηγός (βιβλίο) |
| SUB | |a BIB | ||
| SYG | 0 | 0 | |a Stadtführer,Reiseführer , Unternehmen , Kirchengemeinde |